000 00943nam a2200205 i 4500
001 189750
003 ES-MaACL
005 20251005063142.0
008 191009s1914 sp |||| | spa d
100 1 _aPaz Espeso, Julián,
_d1868-1962
_989769
245 1 0 _aSecretaría de Estado
_b: (capitulaciones con Francia y Negociaciones diplomáticas de los embajadores de España en aquella corte seguido de una serie cronológica de estos) /
_cpor Julián Paz y Espeso.
_nI.,
_p(1265-1714).
260 _aMadrid :
_b[s.n.],
_c1914.
300 _aXII, 302 p., 3 h. ;
_c24 cm.
490 1 _aArchivo General de Simancas. Catálogo ;
_v4
594 _aPrecede al tít.: Consejo Superior de Investigaciones Científicas, Instituto Jerónimo Zurita.
610 0 4 _aArchivo General de Simancas-
_vCatálogos.
_91440
830 0 0 _aArchivo General de Simancas.
_pCatálogo
_v4
_9193396
852 _aES-MaACL
_jP-946-2
999 _c189750
_d189750